LIBRARY & INFORMATION CENTRE, KCAET, TAVANUR

ONLINE PUBLIC ACCESS CATALOGUE (OPAC)

Bioengineering measures for erosion and sediment control (Record no. 15171)

MARC details
000 -LEADER
fixed length control field 00721nam a22002177a 4500
003 - CONTROL NUMBER IDENTIFIER
control field OSt
088 ## - REPORT NUMBER
Report number P 296
100 ## - MAIN ENTRY--AUTHOR NAME
Personal name ARDRA WILSON
245 ## - TITLE STATEMENT
Title Bioengineering measures for erosion and sediment control
260 ## - PUBLICATION, DISTRIBUTION, ETC. (IMPRINT)
Place of publication Tavanur 2015
Name of publisher Department of Irrigation &Drainage Engineering
300 ## - PHYSICAL DESCRIPTION
Number of Pages 45
500 ## - GENERAL NOTE
General note Bioengineering measures for erosion and sediment control
520 ## - SUMMARY, ETC.
Summary, etc Bioengineering measures for erosion and sediment control
700 ## - ADDED ENTRY--PERSONAL NAME
Personal name Athira P
700 ## - ADDED ENTRY--PERSONAL NAME
Personal name Sebi Anna Babu
700 ## - ADDED ENTRY--PERSONAL NAME
Personal name Vishnu K
700 ## - ADDED ENTRY--PERSONAL NAME
Personal name Er. Asha Joseph (Gudie)
856 ## - ELECTRONIC LOCATION AND ACCESS
Uniform Resource Identifier https://drive.google.com/open?id=1HiUdCjp_4COJV5ou3qJa5fzuXx2PXOId
942 ## - ADDED ENTRY ELEMENTS (KOHA)
Koha item type Project Report
Holdings
Collection code Home library Current library Shelving location Full call number Accession Number Koha item type
Reference KAUAET KAUAET Reference 631.587 ARD/BI P 296 Project Report
free website counter